| 000 | 00000nam 2200000za 4500 |
| 001 | 9.840920 |
| 003 | CaOODSP |
| 005 | 20241210082352 |
| 007 | cr ||||||||||| |
| 008 | 170802s2017 onc |o f|0| 0 fre d |
| 040 | |aCaOODSP|bfre |
| 043 | |an-cn--- |
| 086 | 1 |aFB4-21/2017F-PDF |
| 245 | 00|aCélébrons les 150 ans du Canada |h[ressource électronique] : |ble billet de banque Canada 150 - une conception graphique unique qui représente notre histoire, notre territoire et notre culture. |
| 260 | |a[Ottawa] : |bBanque du Canada, |c[2017]. |
| 300 | |a[2] p. : |bill. |
| 500 | |aPubl. aussi en anglais sous le titre : Celebration Canada's 150th: the Canada 150 bank note - a unique design depicting our history, land and culture. |
| 500 | |aTitre de départ. |
| 692 | 07|2gccst|aMonnaie |
| 710 | 2 |aBanque du Canada. |
| 775 | 08|tCelebrating Canada's 150th |w(CaOODSP)9.840644 |
| 856 | 40|qPDF|s1.47 Mo|uhttps://publications.gc.ca/collections/collection_2017/banque-bank-canada/FB4-21-2017-fra.pdf |